000 00377 a2200133 4500
001 ART_12778
005 20260410161733.0
008 260409a
245 1 0 _aUn día emasiado lejos
100 1 _aPablo, Juan Carlos de
700 1 _aFraga, Rosendo
700 1 _aBlasco, Eduardo
773 0 _tEjecutivos de finanzas
_g- Año 7, Nº 56 (jun. 1989)
_wREV2863
999 _c18028
_d18028